1716 1958 1553 1097 1105 1068 1700 1764 1217 1100 1942 1849 1614 1115 1790 1742 1828 1781 1201 1344 1063 1786 1283 1340 1806 1437 1610 1235 1294 1872 1997 1589 1313 1205 1249 1821 1962 1074 1155 1744 1854 1708 1467 1689 1293 1845 1174 1115 1804 1002 1870 1365 1430 1075 1853 1547 1000 1171 1198 1228 1421 1782 1506 1083 1218 1363 1910 1919 1167 1926 1814 1727 1727 1281 1759 1417 1583 1774 1096 1399 1944 1401 1490 1193 1313 1678 1592 1941 1302 1243 1733 1239 1859 1404 1871 1269 1566 1668 1990 BCNSPRNW ULIB Ver.6.0+V

เปลี่ยนเป็นภาษาไทย

Change to English
 แสดงรายละเอียดบรรณานุกรม
  กลับหน้าหลัก

Brief Record : Get Marc (ISO 2709) : E-mail record : QR code < ปิดหน้าต่าง
LEADER : 00000nam 2200000uu 4500
001    13399113930
003     ULIB
008    110320s||||||||th 000 0 tha d
099    วจ.WY16^bส279บ
100 0  สมศรี ทาทาน
245 00 บทบาทของพยาบาลวิชาชีพตามความคาดหวังกับความเป็นจริง ตามการรับรู้ของนักศึกษาพยาบาล วิทยาลัยพยาบาลบรมราชชนนี พะเยา/^cสมศรี ทาทานและคณะ
260    พะเยา :^bวิทยาลัยพยาบาลบรมราชชนนี พะเยา,^c2553
300    55 หน้า :^bตาราง
500    รายงานการวิจัย
650  7 พยาบาลวิชาชีพ^xความคาดหวัง^xวิจัย
710 2  วิทยาลัยพยาบาลบรมราชชนนี. ^bพะเยา
945    ^p0^l0^i030961
995    ทศพร
999 ^a ใช้งานได้ทุกระบบ
รายการนี้ยังไม่มีแท็ก
คุณยังไม่ได้ล็อกอิน คุณสามารถมีกิจกรรมร่วมกับเว็บไซต์ได้ แต่ต้องล็อกอินก่อน ::
  ล็อกอิน

รายการสื่อสารสนเทศ

ลำดับที่ ประเภท เลขเรียก/บาร์โค้ด สถานที่ สถานะ
1. งานวิจัย
งานวิจัย
วจ.WY16 ส279บ ฉ.1 
  Barcode: 030961
ห้องสมุดวิทยาเขตสวรรค์ประชารักษ์
►วิจัย
บนชั้น

รายการใกล้เคียง
    ผู้แต่ง [สมศรี ทาทาน]

BibComment


ยังไม่เคยถูกคอมเมนท์

คอมเมนท์ทรัพยากรรายการนี้
  คอมเมนท์: บทบาทของพยาบาลวิช..


 Copyright 2026. Bcnsprnw @Library